00677 2200241 4500001002100000005001700021008004100038020002200079035002500101082001300126090002200139100001900161245007200180250001000252260003500262300002400297650003800321700001900359850001200378990001500390990001500405990001500420YOGYA-0209000007275420150428133742.0 ind  a978-979-23-9992-5 a0010-020900000072754 a92(Yani) aR 92(Yani)bYan A aYANI, Amelia A aAchmad Yani Tumbal revolusicAmelia A.Yani;penyunting,Islah Gusmian aCet.5 aYogyakartabGalang Pressc2007 a30 hlmbilusc23 cm aYani, Akhmad(1922-19675)-Biografi aGusmian, Islah aYOPDYOG a94-PD/P.08 a96-PD/P.08 a95-PD/P.08